Open Data Biblioteca Nacional de Portugal


República Portuguesa: Ministério da Cultura
Biblioteca Nacional de Portugal

Catálogo da BNP: acesso por Identificadores Unívocos
Registos Bibliográficos associados ao registo de autoridade

Etiqueta de registo: 00230nam 2200025 450
001 2284234
003 http://id.bnportugal.gov.pt/bib/catbnp/2284234
100 ## $a20260313d2026 k y0pory01030103ba
101 0# $apor g$deng
102 ## $aPT
105 ## $aa m 000yy
106 ## $ar
200 1# $a A internacionalização na avaliação da qualidade do ensino superior$e o caso da Universidade Nova de Lisboa$fLuis Miguel de Sousa Dias de Bento Araújo$gorient. Rui Santos, David Justino
210 #9 $aLisboa$c[s.n.],$d2026
215 ## $avi f., 157 p.$cil.$d30 cm
328 #1 $aTese dout. Educação, Faculdade de Ciências Sociais e Humanas, Universidade Nova de Lisboa, 2026
700 #1 $aAraújo,$bLuis Miguel de Sousa Dias de Bento$31995524
702 #1 $911$aSantos,$bRui$4727$31400596
702 #1 $aJustino,$bDavid,$f1953-$4727$354876
801 #0 $aPT$bBN$gRPC
966 ## $lBN$mFGMON$x1
971 ## $ccsilva$d20260413

OpendataBNP@bnportugal.pt | Mais informação sobre acesso aos dados BNP